| 000 | 00965nam a2200301 a 4500 | ||
|---|---|---|---|
| 001 | 26483 | ||
| 003 | CO-ViMGA | ||
| 008 | 141112s2004 ck r 000 u spa d | ||
| 020 | _a9789583802225 | ||
| 040 |
_aCO-ViMGA _bspa _cCO-ViMGA |
||
| 041 | _aSPA | ||
| 090 | _aN TAV1 | ||
| 100 | 1 |
_aTavares, Gonþalo M. _941347 |
|
| 245 | 1 | 0 |
_aEl barrio y los señores / _cGonþalo M. Tavares ; ilustrado por Rachel Caiano ; traducido por Florencia Garamuño |
| 250 | _a1a ed., 1a reimpr. | ||
| 260 |
_aOaxaca de Juárez : _bAlmadía, _c2014 |
||
| 300 | _a637 p. : il. byn | ||
| 490 | _aNarrativa | ||
| 600 |
_aAUTORES ANGOLEÑOS _941348 |
||
| 650 | 1 | 4 |
_aBARRIOS - NOVELA _941349 |
| 650 | 1 | 4 |
_aCIUDADES Y PUEBLOS - NOVELA _941350 |
| 650 | 1 | 4 |
_aESCRITORES - NOVELA _941351 |
| 650 | 1 | 4 |
_aLITERATURA ANGOLEÑA - SIGLO XXI _941352 |
| 650 | 1 | 4 | _aVIDA COTIDIANA - NOVELA |
| 700 | 1 |
_aCaiano, Rachel _941353 |
|
| 700 | 1 |
_aGaramuño, Florencia _941354 |
|
| 942 |
_2ddc _cBK |
||
| 999 |
_c2447 _d2447 |
||